BURKET'S ORAL MEDICINE DIAGNOSIS AND TREATMENT (Record no. 6889)

MARC details
000 -LEADER
fixed length control field 00386nam a2200145Ia 4500
008 - FIXED-LENGTH DATA ELEMENTS--GENERAL INFORMATION
fixed length control field 150301s2003 xx 000 0 und d
082 ## - DEWEY DECIMAL CLASSIFICATION NUMBER
Classification number 617.63
Item number B2003G
100 ## - MAIN ENTRY--PERSONAL NAME
Personal name GREEN BURG
245 ## - TITLE STATEMENT
Title BURKET'S ORAL MEDICINE DIAGNOSIS AND TREATMENT
250 ## - EDITION STATEMENT
Edition statement 10TH
260 ## - PUBLICATION, DISTRIBUTION, ETC. (IMPRINT)
Name of publisher, distributor, etc. BC DECKER INC PUBLICATION
Place of publication, distribution, etc. HAMILTON
Date of publication, distribution, etc. 2003
300 ## - PHYSICAL DESCRIPTION
Extent 1-658
650 ## - SUBJECT ADDED ENTRY--TOPICAL TERM
Topical term or geographic name as entry element ORAL MEDICINE
942 ## - ADDED ENTRY ELEMENTS (KOHA)
Source of classification or shelving scheme Dewey Decimal Classification
Koha item type Books
Koha issues (borrowed), all copies 15
Holdings
Withdrawn status Lost status Source of classification or shelving scheme Damaged status Not for loan Home library Current library Date acquired Source of acquisition Cost, normal purchase price Serial Enumeration / chronology SGTU Bill Number Total Checkouts Full call number Barcode Date last seen Date last checked out Bill Date Koha item type
    Dewey Decimal Classification     SGT Dental Library SGT Dental Library 02/07/2015 BC DECKER INC 110.95 1 SGTU 4213 20 617.63 B2003G FD7147 28/07/2025 28/07/2025 23/01/2014 Books